| 000 | 00413nam a22001577a 4500 | ||
|---|---|---|---|
| 020 | _a14039094 | ||
| 082 |
_a320 _bMAH/A |
||
| 100 | _aMAHESWARI, S.R | ||
| 245 |
_aADMINISTRATION OF INDIA _bSOCIAL SCIENCE |
||
| 246 |
_aADMINISTRATION OF INDIA _bSOCIAL SCIENCE |
||
| 260 |
_aDELHI _bRAJIV BERI FOR MACMILLAN INDIA LTD _c2003 |
||
| 300 | _a206 | ||
| 520 | _aSOCIAL SCIENCE | ||
| 650 | _aSOCIAL SCIENCE | ||
| 942 | _cBK | ||
| 999 |
_c1542 _d1542 |
||